[Event "Pige NM Gruppe C 2011"]
[Site "Jetsmark"]
[Date "2011.04.08"]
[Round "1.5"]
[White "Christensen, Mette Ellegaard"]
[Black "Vangsgaard, Freja"]
[Result "0-1"]
[WhiteElo "1119"]
[BlackElo "1189"]
[PlyCount "62"]
[EventDate "2011.??.??"]
[SourceDate "2011.04.09"]

1. d4 d6 2. c4 Nd7 3. Nc3 Ngf6 4. Bg5 g6 5. e3 Bg7 6. Bd3 O-O 7. Nge2 c5 8. O-O
Re8 9. Rb1 Qc7 10. Nf4 Nb6 11. a4 cxd4 12. exd4 a6 13. b3 e6 14. a5 Nxc4 15.
bxc4 Qxa5 16. Ne4 Nxe4 17. Bxe4 Qxg5 18. Qa4 Rd8 19. Bxb7 Bxb7 20. Rxb7 Qxf4
21. d5 exd5 22. cxd5 Qxa4 23. Re1 Qa5 24. Rc1 Qxd5 25. Re7 Re8 26. Rd7 Qd2 27.
Rf1 Re1 28. g3 Rae8 29. Ra7 Bd4 30. Rxe1 Qxf2+ 31. Kh1 Rxe1# 0-1

[Event "Pige NM Gruppe C 2011"]
[Site "Jetsmark"]
[Date "2011.04.08"]
[Round "1.5"]
[White "Kyrkjebo, Hanna Bakken"]
[Black "Juliusdottir, Asta Soley"]
[Result "1-0"]
[WhiteElo "1520"]
[BlackElo "1200"]
[PlyCount "53"]
[EventDate "2011.??.??"]
[SourceDate "2011.04.09"]

1. e4 e5 2. Nf3 Nc6 3. Nc3 Nf6 4. a3 Bc5 5. Nxe5 Nxe5 6. d4 Qe7 7. dxc5 Qxc5 8.
Be3 Qc6 9. f3 Nc4 10. Bxc4 Qxc4 11. Qd2 O-O 12. O-O-O Re8 13. Bd4 Re6 14. Qg5
Ne8 15. Nd5 Rc6 16. Ne7+ Kf8 17. Nxc6 dxc6 18. Bc5+ Kg8 19. Qe7 h6 20. Qxe8+
Kh7 21. Bb4 b6 22. Rd8 Qe2 23. Rxc8 Rxc8 24. Qxc8 Qxg2 25. Qf5+ g6 26. Qxf7+
Kh8 27. Bc3# 1-0

[Event "Pige NM Gruppe C 2011"]
[Site "Jetsmark"]
[Date "2011.04.08"]
[Round "1.5"]
[White "Mirza, Sara Hadi"]
[Black "Jacobsen, Hanna"]
[Result "1-0"]
[WhiteElo "1420"]
[BlackElo "1017"]
[PlyCount "69"]
[EventDate "2011.??.??"]
[SourceDate "2011.04.09"]

1. e4 e5 2. Nf3 Nc6 3. Bc4 Bc5 4. c3 Bb6 5. d4 Nf6 6. Bg5 h6 7. Bh4 g5 8. Bg3
Nxe4 9. Bxe5 Nxe5 10. Nxe5 d5 11. Bb3 Be6 12. Ba4+ c6 13. Nxc6 Qf6 14. Ne5+ Kf8
15. O-O h5 16. Nd2 h4 17. Nxe4 dxe4 18. h3 Qf4 19. f3 Bf5 20. Kh1 Bc7 21. Qb3
Bxe5 22. dxe5 Qxe5 23. Qxb7 Kg7 24. Bb3 Rhf8 25. Rad1 Qb8 26. Qe7 Qg3 27. fxe4
Be6 28. Bxe6 Kh6 29. Qf6+ Kh7 30. Bf5+ Kg8 31. Qh6 Rfb8 32. Bh7+ Kh8 33. Bg6+
Kg8 34. Qh7+ Kf8 35. Qxf7# 1-0

[Event "Pige NM Gruppe C 2011"]
[Site "Jetsmark"]
[Date "2011.04.08"]
[Round "1.5"]
[White "Keitum, Andrea"]
[Black "Magnusdottir, Veronika Steinunn"]
[Result "0-1"]
[WhiteElo "1016"]
[BlackElo "1389"]
[PlyCount "81"]
[EventDate "2011.??.??"]
[SourceDate "2011.04.09"]

1. d4 Nf6 2. Nc3 d5 3. Nf3 e6 4. Bg5 Be7 5. e3 c5 6. Bd3 Qb6 7. Bb5+ Nbd7 8.
O-O O-O 9. a4 a6 10. a5 Qc7 11. Bxd7 Bxd7 12. Ne5 cxd4 13. exd4 h6 14. Nxd7
Qxd7 15. Bf4 Bd6 16. Bxd6 Qxd6 17. Na4 Rab8 18. Nc5 Rfc8 19. b4 Nd7 20. Re1
Nxc5 21. bxc5 Qe7 22. g3 Rc6 23. Rb1 Re8 24. Rb6 Qc7 25. Qb1 Rxb6 26. axb6 Qe7
27. c6 bxc6 28. Re3 Rb8 29. Rb3 a5 30. Ra3 Qxa3 31. b7 Qb4 32. Qf1 Rxb7 33. Qa6
Qb6 34. Qe2 Qxd4 35. Kg2 Qe4+ 36. Qxe4 dxe4 37. c4 a4 38. c5 a3 39. h3 a2 40.
f4 a1=Q 41. f5 0-1

[Event "Pige NM Gruppe C 2011"]
[Site "Jetsmark"]
[Date "2011.04.09"]
[Round "2.5"]
[White "Vangsgaard, Freja"]
[Black "Kyrkjebo, Hanna Bakken"]
[Result "1/2-1/2"]
[WhiteElo "1189"]
[BlackElo "1520"]
[PlyCount "112"]
[EventDate "2011.??.??"]
[SourceDate "2011.04.09"]

1. Nf3 d5 2. g3 Nf6 3. Bg2 c6 4. O-O Bg4 5. d3 e6 6. Nbd2 Nbd7 7. b3 Be7 8. Bb2
O-O 9. Re1 h6 10. Qc1 Qc7 11. c4 Rac8 12. Ba3 Bxa3 13. Qxa3 b6 14. Rac1 Qb7 15.
Rc2 c5 16. Qb2 Rfd8 17. Rcc1 a6 18. e3 Qa7 19. Rb1 b5 20. cxd5 exd5 21. Rbc1
Nb6 22. Ne5 Be6 23. Bf1 Nbd7 24. Ndf3 Nxe5 25. Nxe5 Nd7 26. Rc2 Nxe5 27. Qxe5
Qc7 28. Qxc7 Rxc7 29. Rec1 Rdc8 30. d4 c4 31. Rc3 b4 32. R3c2 Bf5 33. Rd2 c3
34. Rdd1 a5 35. Bg2 Be6 36. Bf3 Kf8 37. Kg2 g6 38. h3 Ke7 39. Bg4 Bxg4 40. hxg4
Ke6 41. Rc2 Kd6 42. Ra1 Rb7 43. Kf1 Ke6 44. Ke2 f5 45. gxf5+ Kxf5 46. f3 Re8
47. Kd3 Kf6 48. Rh1 Kg7 49. Rch2 h5 50. g4 Rf7 51. gxh5 Rxf3 52. Re2 gxh5 53.
Rxh5 Rd8 54. Re5 Kf6 55. Rg2 Rf5 56. Rxf5+ Kxf5 1/2-1/2

[Event "Pige NM Gruppe C 2011"]
[Site "Jetsmark"]
[Date "2011.04.09"]
[Round "2.5"]
[White "Kyrkjebo, Marte Bakken"]
[Black "Christensen, Mette Ellegaard"]
[Result "0-1"]
[WhiteElo "1488"]
[BlackElo "1119"]
[PlyCount "158"]
[EventDate "2011.??.??"]
[SourceDate "2011.04.09"]

1. e4 c5 2. Nc3 Nc6 3. g3 g6 4. Bg2 Bg7 5. d3 e6 6. f4 Nge7 7. Be3 d6 8. Nf3
O-O 9. O-O Rb8 10. g4 f5 11. h3 b5 12. Rb1 b4 13. Na4 a5 14. e5 Nd5 15. Qe2
dxe5 16. fxe5 Nxe5 17. Bxc5 Nf4 18. Qe1 Nxf3+ 19. Bxf3 Re8 20. Bc6 Bd7 21. Bxd7
Qxd7 22. Rxf4 Qxa4 23. b3 Qxa2 24. Rc4 Rbd8 25. d4 Rd5 26. Qc1 Qa3 27. Qxa3
bxa3 28. Ra1 fxg4 29. hxg4 e5 30. dxe5 Rdxe5 31. Bxa3 Re2 32. Rf1 R2e4 33. Rxe4
Rxe4 34. Rf2 Rxg4+ 35. Rg2 Rd4 36. Re2 Rd1+ 37. Kf2 Rd8 38. c4 Bd4+ 39. Kf3 Rc8
40. Rd2 Bc5 41. Bxc5 Rxc5 42. Rd5 Rxd5 43. cxd5 Kf8 44. Kf4 Ke7 45. Ke5 h5 46.
d6+ Kd7 47. Kd5 h4 48. Ke4 Kxd6 49. Kf4 Kc5 50. Kg4 Kb4 51. Kxh4 Kxb3 52. Kg5
a4 53. Kxg6 a3 54. Kf6 a2 55. Ke5 a1=Q+ 56. Kd5 Qc3 57. Ke4 Qd2 58. Ke5 Kc4 59.
Ke6 Qd1 60. Ke5 Qd2 61. Ke6 Kd4 62. Ke7 Kc5 63. Ke8 Kc6 64. Ke7 Qe2+ 65. Kf6
Kd7 66. Kf5 Kd6 67. Kf4 Kd5 68. Kg3 Qf1 69. Kg4 Ke5 70. Kg3 Ke4 71. Kh2 Qf8 72.
Kg1 Ke3 73. Kg2 Qf2+ 74. Kh3 Qg1 75. Kh4 Kf3 76. Kh5 Kf4 77. Kh6 Kf5 78. Kh7
Kf6 79. Kh8 Qg7# 0-1

[Event "Pige NM Gruppe C 2011"]
[Site "Jetsmark"]
[Date "2011.04.09"]
[Round "2.5"]
[White "Jacobsen, Hanna"]
[Black "Juliusdottir, Asta Soley"]
[Result "1-0"]
[WhiteElo "1017"]
[BlackElo "1200"]
[PlyCount "97"]
[EventDate "2011.??.??"]
[SourceDate "2011.04.09"]

1. e4 e5 2. f4 Nc6 3. Nf3 d6 4. d4 exd4 5. Nxd4 Bd7 6. Bc4 Nf6 7. Nc3 g6 8. O-O
Bg7 9. Be3 O-O 10. Be2 Re8 11. Bf3 Qc8 12. h3 Nxd4 13. Bxd4 Re6 14. Bxf6 Rxf6
15. Nd5 Re6 16. Re1 Bxb2 17. Rb1 Bg7 18. f5 gxf5 19. exf5 Rxe1+ 20. Qxe1 Bxf5
21. Ne7+ Kf8 22. Nxc8 Rxc8 23. Rxb7 Bd4+ 24. Kh1 Re8 25. Qh4 Bc5 26. Rxc7 Bb6
27. Qh6+ Kg8 28. Rc3 Bd4 29. Rc4 Re1+ 30. Kh2 Be5+ 31. g3 Bg7 32. Qxd6 Rf1 33.
Qb8+ Bf8 34. Qxa7 Rxf3 35. Rf4 Rxf4 36. gxf4 Bxc2 37. Qg1+ Bg6 38. f5 Bd6+ 39.
Kh1 Kg7 40. fxg6 hxg6 41. Qd4+ Kh6 42. Qxd6 Kg7 43. a4 f5 44. a5 Kh6 45. a6 Kg5
46. a7 Kh4 47. Qxg6 Kxh3 48. a8=Q f4 49. Qh8# 1-0

[Event "Pige NM Gruppe C 2011"]
[Site "Jetsmark"]
[Date "2011.04.09"]
[Round "2.5"]
[White "Magnusdottir, Veronika Steinunn"]
[Black "Mirza, Sara Hadi"]
[Result "1-0"]
[WhiteElo "1389"]
[BlackElo "1420"]
[PlyCount "101"]
[EventDate "2011.??.??"]
[SourceDate "2011.04.09"]

1. e4 e5 2. Nf3 Nc6 3. d4 exd4 4. Bc4 h6 5. Nxd4 Bc5 6. Be3 Qf6 7. c3 Nge7 8.
O-O O-O 9. Re1 Bb6 10. Qf3 Qg6 11. Nb5 Ne5 12. Qe2 Qxe4 13. Nd2 Qg6 14. Bxb6
axb6 15. Qxe5 Nf5 16. Nxc7 Ra5 17. Nd5 Rc5 18. Bd3 d6 19. Qe4 Be6 20. Nf4 Qf6
21. Nxe6 fxe6 22. Qxe6+ Qxe6 23. Rxe6 Re5 24. Bc4 Rc5 25. Re8+ Rxc4 26. Rxf8+
Kxf8 27. Nxc4 b5 28. Ne3 Ne7 29. Rd1 Nc8 30. Kf1 g6 31. Ke2 Ke7 32. f4 Ke6 33.
g4 Kf6 34. h4 b6 35. Rd5 b4 36. cxb4 Ke6 37. Rb5 Kf6 38. Kf3 Ke6 39. f5+ gxf5
40. Nxf5 Kf6 41. Nxh6 Ke6 42. g5 d5 43. g6 Kf6 44. h5 d4 45. Rd5 Ne7 46. Rxd4
Kg7 47. Rd7 Kxh6 48. Rxe7 b5 49. a4 bxa4 50. Kg4 a3 51. Rh7# 1-0

[Event "Pige NM Gruppe C 2011"]
[Site "Jetsmark"]
[Date "2011.04.10"]
[Round "3.5"]
[White "Vangsgaard, Freja"]
[Black "Magnusdottir, Veronika Steinunn"]
[Result "1-0"]
[WhiteElo "1189"]
[BlackElo "1389"]
[PlyCount "135"]
[EventDate "2011.??.??"]
[SourceDate "2011.04.09"]

1. Nf3 Nf6 2. g3 g6 3. Bg2 Bg7 4. O-O d6 5. d3 O-O 6. Nbd2 Bg4 7. Rb1 Nbd7 8.
b3 Nd5 9. Bb2 Nc3 10. Bxc3 Bxc3 11. Ne4 Bg7 12. Qc1 c6 13. Qg5 Bxf3 14. Bxf3
Nb6 15. Qh4 Nd5 16. Ng5 h6 17. Ne4 Nb4 18. Nf6+ Bxf6 19. Qxb4 Qc7 20. Qd2 Kh7
21. e3 b5 22. c4 a6 23. d4 Rab8 24. Rbc1 c5 25. cxb5 axb5 26. Rc2 Qb6 27. dxc5
dxc5 28. Qd5 Rbc8 29. Rfc1 e6 30. Qb7 Qa5 31. Rxc5 Rb8 32. Qd7 Qxa2 33. Rxb5
Rxb5 34. Qxb5 Qb2 35. Rc7 Be5 36. Rd7 Kg7 37. Qb7 h5 38. Bg2 Qb1+ 39. Bf1 Qf5
40. Bd3 Qf6 41. Bc4 Qf5 42. Re7 Kf6 43. Kg2 h4 44. Rd7 h3+ 45. Kg1 Kg7 46. Bd3
Qg4 47. Bf1 Qf5 48. Qb4 Rb8 49. Rb7 Bd6 50. Qd4+ e5 51. Rxf7+ Qxf7 52. Qxd6
Qxb3 53. Qxe5+ Kf7 54. Qf4+ Ke7 55. Qg4 Kf7 56. Qf4+ Ke7 57. Qe5+ Kd7 58. Bxh3+
Kc6 59. Bg2+ Kd7 60. Bh3+ Kd8 61. Qd6+ Ke8 62. Bd7+ Kf7 63. Be6+ Qxe6 64. Qxb8
Qe4 65. Qf4+ Qxf4 66. gxf4 Kf6 67. Kg2 Kf5 68. Kf3 1-0

[Event "Pige NM Gruppe C 2011"]
[Site "Jetsmark"]
[Date "2011.04.10"]
[Round "3.5"]
[White "Jacobsen, Hanna"]
[Black "Kyrkjebo, Marte Bakken"]
[Result "0-1"]
[WhiteElo "1017"]
[BlackElo "1488"]
[PlyCount "110"]
[EventDate "2011.??.??"]
[SourceDate "2011.04.09"]

1. e4 e5 2. f4 Bc5 3. Nf3 d6 4. Bc4 Bg4 5. Be2 Nc6 6. b3 exf4 7. d4 Bxf3 8.
Bxf3 Bxd4 9. c3 Qh4+ 10. Kd2 Qf2+ 11. Qe2 Qxe2+ 12. Kxe2 Be5 13. Nd2 Bxc3 14.
Rb1 Nf6 15. Rf1 Nd4+ 16. Kd1 Nxf3 17. Rxf3 Be5 18. Bb2 Kd7 19. Bxe5 dxe5 20.
Rd3+ Ke6 21. Rc1 c6 22. Rc4 Rhd8 23. Rxd8 Rxd8 24. Ke1 Ng4 25. h3 Ne3 26. Rc3
Nxg2+ 27. Ke2 Ne3 28. Nf3 Kf6 29. Rc5 Re8 30. a4 g5 31. b4 Re7 32. Rc1 h5 33.
Rg1 g4 34. hxg4 hxg4 35. Nh4 Kg5 36. Nf3+ Kf6 37. Nh2 Kg5 38. Nf3+ Kh5 39. Rh1+
Kg6 40. Nh4+ Kg5 41. Kf2 Rd7 42. Ng2 Rd2+ 43. Ke1 Rd1+ 44. Ke2 Rxh1 45. Nxe3
fxe3 46. Kxe3 Ra1 47. a5 Ra3+ 48. Kd2 Kf4 49. Kc2 g3 50. b5 g2 51. bxc6 bxc6
52. a6 g1=Q 53. Kb2 Rh3 54. Kc2 Qg2+ 55. Kd1 Rh1# 0-1

[Event "Pige NM Gruppe C 2011"]
[Site "Jetsmark"]
[Date "2011.04.10"]
[Round "3.5"]
[White "Mirza, Sara Hadi"]
[Black "Kyrkjebo, Hanna Bakken"]
[Result "0-1"]
[WhiteElo "1420"]
[BlackElo "1520"]
[PlyCount "44"]
[EventDate "2011.??.??"]
[SourceDate "2011.04.09"]

1. e4 e5 2. Nf3 Nc6 3. Bc4 Nf6 4. Nc3 Nxe4 5. Nxe4 d5 6. Bxd5 Qxd5 7. d3 Bg4 8.
O-O O-O-O 9. Be3 f5 10. Nc3 Qd7 11. Qe2 f4 12. Bd2 Nd4 13. Qd1 Bxf3 14. gxf3
Qh3 15. Re1 Nxf3+ 16. Qxf3 Qxf3 17. Rxe5 Qg4+ 18. Kh1 Bd6 19. Re4 Rhe8 20. Rae1
Rxe4 21. Rxe4 Qh3 22. Kg1 f3 0-1

[Event "Pige NM Gruppe C 2011"]
[Site "Jetsmark"]
[Date "2011.04.10"]
[Round "3.5"]
[White "Keitum, Andrea"]
[Black "Christensen, Mette Ellegaard"]
[Result "1/2-1/2"]
[WhiteElo "1016"]
[BlackElo "1119"]
[PlyCount "39"]
[EventDate "2011.??.??"]
[SourceDate "2011.04.09"]

1. d4 c5 2. Nf3 cxd4 3. Nxd4 d6 4. e4 Bd7 5. Nc3 g6 6. Bf4 Bg7 7. Nf3 e5 8. Bg5
Ne7 9. Nd5 Nbc6 10. Bb5 h6 11. Bxc6 hxg5 12. Bxd7+ Qxd7 13. Nxe7 Qxe7 14. h3
Qd7 15. Nxg5 Rh4 16. O-O f6 17. Nf3 Rxe4 18. Qd5 Rb4 19. Qg8+ Bf8 20. Qxg6+
1/2-1/2

[Event "Pige NM Gruppe C 2011"]
[Site "Jetsmark"]
[Date "2011.04.10"]
[Round "4.5"]
[White "Juliusdottir, Asta Soley"]
[Black "Keitum, Andrea"]
[Result "1-0"]
[WhiteElo "1200"]
[BlackElo "1016"]
[PlyCount "56"]
[EventDate "2011.??.??"]
[SourceDate "2011.04.09"]

1. e4 e5 2. Nf3 Nc6 3. Bc4 Nf6 4. d3 d6 5. Nc3 g6 6. Bg5 Bg7 7. O-O Bg4 8. h3
Bxf3 9. Qxf3 Nd4 10. Qd1 O-O 11. Nd5 c6 12. Nxf6+ Bxf6 13. Bh6 Bg7 14. Bxg7
Kxg7 15. c3 b5 16. cxd4 bxc4 17. dxc4 exd4 18. Qxd4+ Qf6 19. Qxf6+ Kxf6 20.
Rad1 Rfd8 21. Rd3 Rab8 22. b3 Kg7 23. Rfd1 f6 24. Rxd6 Rxd6 25. Rxd6 Re8 26.
Rxc6 Rxe4 27. Rc7+ Kh6 28. Rxa7 Re1+ 1-0

[Event "Pige NM Gruppe C 2011"]
[Site "Jetsmark"]
[Date "2011.04.10"]
[Round "4.5"]
[White "Kyrkjebo, Marte Bakken"]
[Black "Vangsgaard, Freja"]
[Result "1/2-1/2"]
[WhiteElo "1488"]
[BlackElo "1189"]
[PlyCount "103"]
[EventDate "2011.??.??"]
[SourceDate "2011.04.09"]

1. e4 d5 2. exd5 Qxd5 3. Nc3 Qa5 4. d4 Bf5 5. Bc4 e6 6. Bd2 c6 7. Nf3 Nf6 8.
O-O Bb4 9. a3 Bxc3 10. Bxc3 Qd8 11. Re1 O-O 12. Qe2 Nbd7 13. Rad1 Nb6 14. Bb3
Nbd5 15. Bd2 Ne4 16. c4 Ndf6 17. Bf4 Re8 18. Ng5 Qd7 19. Nxe4 Bxe4 20. Be5 Bg6
21. Bxf6 gxf6 22. Qf3 Rad8 23. Qxf6 Qe7 24. Qxe7 Rxe7 25. d5 Red7 26. dxe6 fxe6
27. Rxd7 Rxd7 28. Rxe6 Rd2 29. c5 Kf8 30. g3 Rxb2 31. Re3 Bf7 32. Bxf7 Kxf7 33.
Rc3 Rb5 34. Kg2 Ke6 35. Kf3 Kd5 36. Ke3 Rxc5 37. Rxc5+ Kxc5 38. Ke4 Kd6 39. f4
c5 40. f5 b5 41. Kd3 Ke5 42. g4 a6 43. Kc3 Kf6 44. h3 c4 45. Kb4 h6 46. Kc3 h5
47. Kd4 a5 48. Kc3 Ke5 49. a4 b4+ 50. Kxc4 hxg4 51. hxg4 Kf6 52. Kb3 1/2-1/2